[Event "BL 0910 (Women)"]
[Site "Germany"]
[Date "2010.03.13"]
[Round "8.5"]
[White "Lehmann, Christina"]
[Black "Umpfenbach, Caroline"]
[Result "0-1"]
[WhiteElo "2095"]
[BlackElo "2122"]
[PlyCount "122"]
[EventDate "2009.11.07"]
[EventType "team-tourn"]
[EventRounds "11"]
[EventCountry "GER"]
[SourceTitle "CBM 133 Extra"]
[Source "ChessBase"]
[SourceDate "2010.01.05"]
[SourceVersion "1"]
[SourceVersionDate "2010.01.05"]
[SourceQuality "1"]
[WhiteTeam "Grosslehna (W)"]
[BlackTeam "Erfurt Medizin (W)"]
[WhiteTeamCountry "GER"]
[BlackTeamCountry "GER"]

1. d4 e6 2. c4 f5 3. Nf3 Nf6 4. g3 b6 5. Bg2 Bb7 6. 0-0 Be7 7. Nc3 0-0 8. Qc2 Na6 9. Rd1 Ne4 10. a3 Nxc3 11. bxc3 d6 12. a4 Be4 13. Qb3 Qd7 14. Ne1 Bxg2 15. Nxg2 Kh8 16. Ba3 Nb8 17. c5 bxc5 18. dxc5 d5 19. e3 c6 20. Rab1 Na6 21. Qb7 Qxb7 22. Rxb7 Bxc5 23. Bxc5 Nxc5 24. Rc7 Rfc8 25. Rxc8+ Rxc8 26. Rb1 Kg8 27. Nf4 Kf7 28. Ne2 Kf6 29. a5 e5 30. f4 Rc7 31. Kf2 Rb7 32. fxe5+ Kxe5 33. Rxb7 Nxb7 34. a6 Na5 35. Nd4 c5 36. Nb5 Nc6 37. h3 g6 38. Kf3 h6 39. h4 Ke6 40. Kf4 Kf6 41. Kf3 Ke5 42. Kf2 g5 43. Kf3 g4+ 44. Kf2 Nb8 45. Nxa7 Nxa6 46. Nb5 c4 47. Ke2 Nc5 48. Kf2 Ne4+ 49. Kg2 h5 50. Kh2 Nd6 51. Nc7 Ke4 52. Kg2 Kxe3 53. Nxd5+ Kd2 54. Nf4 Kxc3 55. Nxh5 Kd2 56. Nf4 c3 57. Ne6 c2 58. Nc5 c1Q 59. Nb3+ Kd1 60. Nxc1 Kxc1 61. h5 Nf7 0-1

[Event "BL 0910 (Women)"]
[Site "Germany"]
[Date "2009.12.05"]
[Round "3.4"]
[White "Umpfenbach, Caroline"]
[Black "Laake, Jasmin Maria"]
[Result "1-0"]
[WhiteElo "2122"]
[BlackElo "2072"]
[PlyCount "79"]
[EventDate "2009.11.07"]
[EventType "team-tourn"]
[EventRounds "11"]
[EventCountry "GER"]
[SourceTitle "CBM 133 Extra"]
[Source "ChessBase"]
[SourceDate "2010.01.05"]
[SourceVersion "1"]
[SourceVersionDate "2010.01.05"]
[SourceQuality "1"]
[WhiteTeam "Erfurt Medizin (W)"]
[BlackTeam "Lehrte (W)"]
[WhiteTeamCountry "GER"]
[BlackTeamCountry "GER"]

1. d4 Nf6 2. c4 g6 3. Nc3 Bg7 4. e4 d6 5. f3 0-0 6. Be3 e5 7. dxe5 dxe5 8. Qxd8 Rxd8 9. Nd5 Nxd5 10. cxd5 c6 11. Bc4 b5 12. Bb3 Bb7 13. Bg5 Rd7 14. dxc6 Nxc6 15. Ne2 h6 16. Be3 Nd4 17. Bd1 b4 18. Rc1 Ba6 19. Bd2 Bf8 20. Ng3 b3 21. axb3 Rb8 22. Bc3 Nxb3 23. Bxb3 Rxb3 24. Nf1 Bb4 25. Ne3 Bxc3+ 26. bxc3 Rb2 27. Nd5 Re2+ 28. Kd1 Rb7 29. Nb4 Bc4 30. Rc2 Re3 31. Kd2 Re2+ 32. Kd1 Rd7+ 33. Kc1 a5 34. Rxe2 Bxe2 35. Nd5 Rb7 36. Kc2 Bc4 37. Ra1 Rb5 38. Ne3 Bb3+ 39. Kd3 a4 40. h4 1-0